| 000 | 00881cam a2200289 i 4500 | ||
|---|---|---|---|
| 001 | 160074 | ||
| 003 | TR-AnTOB | ||
| 005 | 20240506153224.0 | ||
| 007 | ta | ||
| 008 | 240321q2002 tu a 000 0 tur d | ||
| 040 |
_aTR-AnTOB _beng _erda _cTR-AnTOB _dTR-AnTOB |
||
| 041 | 0 | _atur | |
| 050 | 4 | _aHF5230.5.G39 | |
| 090 |
_aHF5230.5.G39 _bG395 2002 |
||
| 110 | 2 |
_aGaziantep Ticaret Borsası _966052 |
|
| 245 | 1 | 0 |
_aİş rehberi / _cGaziantep Ticaret Borsası. |
| 264 | 1 |
_a[Gaziantep] : _bGaziantep Ticaret Borsası, _c[2002] |
|
| 300 |
_a110 pages : _bcolor illustrations ; _c28 cm |
||
| 336 |
_atext _btxt _2rdacontent |
||
| 337 |
_aunmediated _bn _2rdamedia |
||
| 338 |
_avolume _bnc _2rdacarrier |
||
| 651 | 7 |
_aGaziantep İli (Türkiye) _xTicaret _vRehberler _2etuturkob _966053 |
|
| 901 | _aT000098 | ||
| 902 | _aSA | ||
| 942 |
_2lcc _cBK |
||
| 999 |
_c160074 _d26355 |
||